[Event "Rated Blitz game"]
[Site "?"]
[Date "2021.01.30"]
[Round "?"]
[White "Chillkroete77"]
[Black "PawnTheSilentHero"]
[Result "1-0"]
[WhiteElo "2430"]
[BlackElo "2426"]
[PlyCount "93"]
[EventDate "2021.??.??"]
[EventType "blitz"]

1. e4 e5 2. Nf3 d5 3. exd5 e4 4. Qe2 Nf6 5. d3 Be7 6. dxe4 O-O 7. Nbd2 Re8 8.
g3 c6 9. d6 Bxd6 10. Bg2 Bg4 11. O-O Nbd7 12. h3 Bh5 13. c3 Nc5 14. g4 Nfxe4
15. gxh5 Ng3 16. Qc4 Nxf1 17. Nxf1 Re4 18. Nd4 Rh4 19. Ng3 b5 20. Qf1 Bxg3 21.
fxg3 Rxd4 22. cxd4 Qxd4+ 23. Kh2 Re8 24. Bf4 Qxb2 25. Re1 Ne6 26. Qe2 Qxe2 27.
Rxe2 c5 28. Bd5 a6 29. Bxe6 fxe6 30. Rd2 Rc8 31. Rd7 c4 32. Be5 c3 33. Rxg7+
Kf8 34. Rxh7 Rc6 35. Rh8+ Kf7 36. Bf4 b4 37. Rb8 a5 38. g4 e5 39. Bc1 e4 40. g5
c2 41. g6+ Kg7 42. Rb7+ Kf6 43. Bb2+ Kf5 44. g7 Rc8 45. Rb6 e3 46. Kg3 e2 47.
Kf2 {Time forfeit} 1-0

[Event "Rated Blitz game"]
[Site "?"]
[Date "2021.01.30"]
[Round "?"]
[White "kahvitauko"]
[Black "PawnTheSilentHero"]
[Result "1/2-1/2"]
[WhiteElo "2445"]
[BlackElo "2414"]
[PlyCount "169"]
[EventDate "2021.??.??"]
[EventType "blitz"]

1. e4 e5 2. Nf3 d5 3. exd5 Bd6 4. Bb5+ c6 5. dxc6 Nxc6 6. Bxc6+ bxc6 7. Nc3 Nf6
8. d3 h6 9. h3 Nd5 10. Nxd5 cxd5 11. O-O Rb8 12. Re1 f6 13. Nxe5 fxe5 14. Qh5+
Kf8 15. f4 Qe8 16. Qf3 Qf7 17. Rf1 exf4 18. c4 Bb7 19. Bxf4 Bxf4 20. g3 g5 21.
gxf4 dxc4 22. Qe3 gxf4 23. Rxf4 Rg8+ 24. Kf1 Rg7 25. dxc4 Re8 26. Qc5+ Kg8 27.
Rxf7 Rxf7+ 28. Kg1 Rg7+ 29. Kf1 Rf7+ 30. Qf2 Rxf2+ 31. Kxf2 Rf8+ 32. Ke2 Re8+
33. Kd2 Rf8 34. Re1 Rf2+ 35. Re2 Rxe2+ 36. Kxe2 Kf7 37. Ke3 Kg6 38. Kf4 Kh5 39.
Kg3 Kg5 40. b4 Kf5 41. Kh4 Bg2 42. a4 Ke4 43. c5 Kd5 44. Kg3 Bf1 45. h4 Be2 46.
Kf4 h5 47. Ke3 Bc4 48. Kf4 a5 49. bxa5 Kxc5 50. Kg5 Be2 51. Kf4 Kc6 52. Ke3 Bg4
53. Kd4 Kb7 54. Kc5 Ka6 55. Kb4 Bd1 56. Kc3 Kxa5 57. Kd2 Bxa4 58. Ke3 Bd7 59.
Kf4 Bg4 60. Kg5 Kb6 61. Kf4 Kc6 62. Kg5 Kd6 63. Kf4 Ke6 64. Kg5 Ke5 65. Kg6 Kf4
66. Kh6 Kg3 67. Kg5 Kh3 68. Kf4 Kxh4 69. Ke3 Kg3 70. Kd2 h4 71. Ke3 h3 72. Ke4
h2 73. Ke5 h1=Q 74. Kf6 Qg2 75. Ke5 Qf3 76. Kd4 Qf4+ 77. Kd5 Bf3+ 78. Ke6 Qe4+
79. Kd6 Qd5+ 80. Ke7 Qc6 81. Kf7 Kf4 82. Ke7 Qe6+ 83. Kd8 Qe5 84. Kd7 Qe6+ 85.
Kxe6 {Normal} 1/2-1/2

[Event "Rated Blitz game"]
[Site "?"]
[Date "2021.01.30"]
[Round "?"]
[White "redblizzard"]
[Black "blastol"]
[Result "1-0"]
[WhiteElo "2445"]
[BlackElo "2377"]
[PlyCount "53"]
[EventDate "2021.??.??"]
[EventType "blitz"]

1. e4 e5 2. Nf3 d5 3. Nxe5 Bd6 4. d4 dxe4 5. Nc4 f5 6. Nc3 Nf6 7. Be2 O-O 8.
O-O Nc6 9. d5 Ne5 10. Nxe5 Bxe5 11. f4 Bd6 12. Be3 Bd7 13. Qd4 Qe8 14. a4 Qg6
15. Nb5 Bxb5 16. axb5 Ng4 17. Bxg4 Qxg4 18. c4 b6 19. Qc3 Rf6 20. b4 Raf8 21.
c5 Be7 22. Rxa7 Rg6 23. g3 Qe2 24. Rxc7 Rh6 25. Rf2 Qd1+ 26. Kg2 Bd8 27. Qxg7#
{Normal} 1-0

[Event "Rated Blitz game"]
[Site "?"]
[Date "2021.01.30"]
[Round "?"]
[White "AMADAN"]
[Black "Grimlock_Glasgow"]
[Result "0-1"]
[WhiteElo "2367"]
[BlackElo "2539"]
[PlyCount "39"]
[EventDate "2021.??.??"]
[EventType "blitz"]

1. e4 e5 2. Nf3 d5 3. exd5 Bd6 4. Nc3 Nf6 5. Bb5+ c6 6. dxc6 Nxc6 7. d3 O-O 8.
h3 Nd4 9. Bc4 b5 10. Bb3 Bb7 11. Bg5 Nxf3+ 12. gxf3 Be7 13. Rg1 Nh5 14. Bh6 g6
15. Bxf8 Bxf8 16. Ne4 Bh6 17. f4 Nxf4 18. Qf3 Kg7 19. Kf1 f5 20. Ng5 {Normal}
0-1

[Event "Rated Blitz game"]
[Site "?"]
[Date "2021.01.30"]
[Round "?"]
[White "Jaimouski"]
[Black "blastol"]
[Result "0-1"]
[WhiteElo "2400"]
[BlackElo "2388"]
[PlyCount "84"]
[EventDate "2021.??.??"]
[EventType "blitz"]

1. e4 e5 2. Nf3 d5 3. Nxe5 Bd6 4. d4 dxe4 5. Nc4 f5 6. Nxd6+ Qxd6 7. Nc3 Nf6 8.
Bc4 Nc6 9. Be3 a6 10. Qd2 Ng4 11. O-O-O b5 12. Bb3 Nxe3 13. Qxe3 Na5 14. f3
Nxb3+ 15. axb3 O-O 16. fxe4 fxe4 17. Qxe4 Qh6+ 18. Kb1 Bf5 19. Qd5+ Kh8 20. h3
Qg6 21. Rd2 b4 22. Na4 Be4 23. Qc5 Qf7 24. Qxc7 Qxb3 25. Nc5 Qd5 26. Nxe4 Qxe4
27. Rhd1 Rfc8 28. Qe5 Qg6 29. Kc1 b3 30. c3 a5 31. g4 a4 32. Qf5 Qd6 33. Qe5
Qg6 34. Qf5 Qd6 35. d5 a3 36. bxa3 Qxa3+ 37. Rb2 Rxc3+ 38. Kd2 Qxb2+ 39. Ke1
Re8+ 40. Kf1 Qh2 41. Qf2 Qxh3+ 42. Kg1 Rg3+ {Normal} 0-1

[Event "Rated Blitz game"]
[Site "?"]
[Date "2021.01.30"]
[Round "?"]
[White "kivanchaznedaroglu"]
[Black "Tayota"]
[Result "1-0"]
[WhiteElo "2546"]
[BlackElo "2359"]
[PlyCount "75"]
[EventDate "2021.??.??"]
[EventType "blitz"]

1. e4 e5 2. Nf3 d5 3. d3 dxe4 4. dxe4 Qxd1+ 5. Kxd1 Bg4 6. Nbd2 Nc6 7. c3 O-O-O
8. Kc2 f6 9. h3 Bh5 10. g4 Bg6 11. Nh4 Bc5 12. f3 Nge7 13. Bc4 a6 14. a4 Bf2
15. Nf5 Bxf5 16. gxf5 g6 17. fxg6 Nxg6 18. Be6+ Kb8 19. Nc4 Nh4 20. Rf1 Ba7 21.
Bh6 Rhe8 22. Bf7 Re7 23. Bd5 Ng6 24. Rad1 Kc8 25. Bxc6 bxc6 26. Na5 Re6 27.
Rxd8+ Kxd8 28. Rd1+ Kc8 29. Nc4 Bc5 30. Be3 Bxe3 31. Nxe3 Nf4 32. h4 Ng6 33.
Nf5 Re8 34. Rg1 Nf4 35. Rg7 h5 36. Rh7 Rg8 37. Ne7+ Kb7 38. Nxg8 {Normal} 1-0

[Event "Rated Blitz tournament DkSl8j2U"]
[Site "?"]
[Date "2021.01.30"]
[Round "?"]
[White "crouchingowl"]
[Black "Vladislav89"]
[Result "1-0"]
[WhiteElo "2345"]
[BlackElo "2425"]
[PlyCount "49"]
[EventDate "2021.??.??"]
[EventType "blitz"]

1. e4 e5 2. Nf3 d5 3. exd5 e4 4. Ne5 Qxd5 5. d4 exd3 6. Nxd3 Nf6 7. Nc3 Qe6+ 8.
Be2 Be7 9. O-O O-O 10. Bf4 Na6 11. Bf3 Bd6 12. Re1 Qd7 13. Qd2 Rb8 14. Rad1
Bxf4 15. Qxf4 Qf5 16. Qg3 h5 17. Re5 Qd7 18. Bxh5 Nxh5 19. Rxh5 Qe6 20. Rg5 g6
21. Nf4 Qc4 22. Nxg6 fxg6 23. Rxg6+ Kh7 24. Qg5 Qf4 25. Qh5+ {Normal} 1-0

[Event "Rated Blitz game"]
[Site "?"]
[Date "2021.01.30"]
[Round "?"]
[White "Plattfuss"]
[Black "PawnTheSilentHero"]
[Result "1/2-1/2"]
[WhiteElo "2441"]
[BlackElo "2446"]
[PlyCount "135"]
[EventDate "2021.??.??"]
[EventType "blitz"]

1. e4 e5 2. Nf3 d5 3. exd5 e4 4. Qe2 Nf6 5. d3 Be7 6. dxe4 O-O 7. Nbd2 c6 8.
dxc6 Nxc6 9. Qd1 Re8 10. Be2 Bc5 11. O-O Nxe4 12. Nxe4 Rxe4 13. Qxd8+ Nxd8 14.
Bd3 Re8 15. Bd2 Nc6 16. Rfe1 Bg4 17. Rxe8+ Rxe8 18. Re1 Rxe1+ 19. Nxe1 Nb4 20.
Be4 b6 21. a3 Na6 22. Nd3 Be7 23. f3 Be6 24. Kf2 Bf6 25. c3 Bc4 26. b4 Nc7 27.
a4 a5 28. Nf4 Bb3 29. Bc6 Kf8 30. Ke3 Ke7 31. Kd3 Kd6 32. Be4 Bxa4 33. Bxh7 g6
34. Ne2 Bb5+ 35. c4 Bd7 36. bxa5 Bf5+ 37. Ke3 bxa5 38. Bxa5 Ne6 39. Bc3 Bxc3
40. Nxc3 Kc5 41. Bg8 Nd8 42. g4 Be6 43. Ne4+ Kxc4 44. Ng5 Kd5 45. Nxe6 Kxe6 46.
f4 Kf6 47. Ke4 Kg7 48. Bxf7 Nxf7 49. h4 Kf6 50. h5 gxh5 51. gxh5 Kg7 52. f5 Nh6
53. Kf4 Nxf5 54. Kg5 Kh7 55. Kxf5 Kh6 56. Kg4 Kh7 57. Kg5 Kh8 58. Kg6 Kg8 59.
Kh6 Kh8 60. Kg6 Kg8 61. Kf5 Kh8 62. Kg4 Kg8 63. Kh3 Kh8 64. Kg3 Kg8 65. Kh4 Kh8
66. Kg5 Kg8 67. Kh6 Kh8 68. Kg6 {Normal} 1/2-1/2

[Event "Rated Blitz game"]
[Site "?"]
[Date "2021.01.30"]
[Round "?"]
[White "jdjohnson"]
[Black "DarthZannah"]
[Result "0-1"]
[WhiteElo "2415"]
[BlackElo "2487"]
[PlyCount "24"]
[EventDate "2021.??.??"]
[EventType "blitz"]

1. e4 e5 2. Nf3 d5 3. exd5 e4 4. Qe2 Nf6 5. d3 Qxd5 6. Nc3 Bb4 7. Bd2 Bxc3 8.
Bxc3 O-O 9. Nd2 exd3 10. Qxd3 Re8+ 11. Kd1 Ng4 12. Ne4 Qxe4 {Normal} 0-1

[Event "Rated Blitz game"]
[Site "?"]
[Date "2021.01.29"]
[Round "?"]
[White "ProfMorosoph"]
[Black "FTR_BBC"]
[Result "0-1"]
[WhiteElo "2417"]
[BlackElo "2370"]
[PlyCount "110"]
[EventDate "2021.??.??"]
[EventType "blitz"]

1. e4 e5 2. Nf3 d5 3. Nxe5 Bd6 4. Nxf7 Kxf7 5. Qh5+ g6 6. Qxd5+ Be6 7. Qd4 Ne7
8. Nc3 Nbc6 9. Qe3 Be5 10. f4 Nd4 11. Bd3 Bg7 12. O-O Nxc2 13. Bxc2 Bd4 14. f5
Bxe3+ 15. dxe3 gxf5 16. exf5 Bc4 17. Rf4 Bd3 18. Rd4 Bxc2 19. Rxd8 Raxd8 20. g4
h5 21. e4 hxg4 22. Bf4 c6 23. Bg5 Rd3 24. Rc1 g3 25. h4 b5 26. Rxc2 b4 27. Ne2
Rf3 28. Nd4 Rf2 29. Ne2 Rd8 30. Rc1 Rxe2 31. e5 Rd5 32. e6+ Ke8 33. f6 Rxe6 34.
fxe7 Re2 35. Rf1 Rf2 36. Rxf2 gxf2+ 37. Kxf2 c5 38. Ke3 c4 39. Ke4 Rd1 40. h5
Rh1 41. h6 Rh5 42. Kf4 c3 43. bxc3 bxc3 44. Kg4 Rxg5+ 45. Kxg5 c2 46. Kg6 c1=Q
47. Kh7 Kxe7 48. a3 Qb1+ 49. Kg7 Qa1+ 50. Kh7 Qxa3 51. Kg8 Qb3+ 52. Kh8 Qc3+
53. Kh7 Qg3 54. Kh8 Kf7 55. Kh7 Qg8# {Normal} 0-1

[Event "Rated Blitz game"]
[Site "?"]
[Date "2021.01.29"]
[Round "?"]
[White "Chessibague"]
[Black "KamranShirazi"]
[Result "0-1"]
[WhiteElo "2469"]
[BlackElo "2514"]
[PlyCount "100"]
[EventDate "2021.??.??"]
[EventType "blitz"]

1. e4 e5 2. Nf3 d5 3. d4 dxe4 4. Nxe5 Nd7 5. Bf4 Nxe5 6. Bxe5 Nf6 7. Nc3 Bb4 8.
Bc4 O-O 9. O-O Re8 10. Bxf6 Qxf6 11. Nd5 Qd6 12. c3 Ba5 13. Qa4 c6 14. Qxa5
cxd5 15. Qxd5 Qc7 16. Bb3 Be6 17. Qg5 h6 18. Qe3 Bc4 19. Bxc4 Qxc4 20. f3 exf3
21. Qxf3 b5 22. b3 Qc7 23. Rae1 Rad8 24. Rxe8+ Rxe8 25. h3 Rd8 26. Qf4 Qxc3 27.
Qxf7+ Kh8 28. Qxa7 b4 29. Kh1 Rxd4 30. Qb8+ Kh7 31. Qf8 Rd5 32. Qf3 Qe5 33. Qf4
Qe6 34. Qxb4 Qe2 35. Qc4 Rd3 36. Rc1 Rd1+ 37. Rxd1 Qxd1+ 38. Kh2 Qd6+ 39. Kg1
Qd1+ 40. Kf2 Qd2+ 41. Qe2 Qd4+ 42. Kf3 Qf6+ 43. Ke3 Qd6 44. Qd3+ Qg6 45. a4 h5
46. a5 h4 47. a6 Kh6 48. Qxg6+ Kxg6 49. a7 Kg5 50. a8=Q g6 {Time forfeit} 0-1

[Event "Rated Blitz game"]
[Site "?"]
[Date "2021.01.29"]
[Round "?"]
[White "dedaluz"]
[Black "KamranShirazi"]
[Result "0-1"]
[WhiteElo "2484"]
[BlackElo "2492"]
[PlyCount "48"]
[EventDate "2021.??.??"]
[EventType "blitz"]

1. e4 e5 2. Nf3 d5 3. exd5 e4 4. Qe2 f5 5. d3 Nf6 6. Bg5 Bb4+ 7. c3 O-O 8. dxe4
fxe4 9. Nfd2 Be7 10. Bxf6 Bxf6 11. Nxe4 Be5 12. Nbd2 Bf5 13. Qc4 Nd7 14. d6+
Kh8 15. dxc7 Bxc7 16. O-O-O Ne5 17. Qe2 Qe8 18. f3 Qa4 19. Kb1 Rad8 20. Re1 Nd3
21. Rd1 Nf2 22. b3 Nxd1 23. Qxd1 Bxe4+ 24. Kb2 Qd7 {Normal} 0-1

[Event "Rated Blitz game"]
[Site "?"]
[Date "2021.01.29"]
[Round "?"]
[White "elpensionado"]
[Black "FTR_BBC"]
[Result "1-0"]
[WhiteElo "2467"]
[BlackElo "2374"]
[PlyCount "91"]
[EventDate "2021.??.??"]
[EventType "blitz"]

1. e4 e5 2. Nf3 d5 3. d4 dxe4 4. Nxe5 Bd6 5. Bf4 Nf6 6. Nc3 O-O 7. Bc4 Nc6 8.
Nxc6 bxc6 9. Bg3 Bg4 10. Qd2 e3 11. fxe3 Bb4 12. Bh4 Qd6 13. O-O Bxc3 14. Qxc3
Ne4 15. Qd3 Rae8 16. Rf4 Qg6 17. Raf1 Bh3 18. Bg3 Nxg3 19. Rxf7 Nxf1 20. Qxf1
Qxg2+ 21. Qxg2 Bxg2 22. Rf3+ Kh8 23. Kxg2 Rxf3 24. Kxf3 g6 25. e4 Kg7 26. e5
Rd8 27. Ke4 Kf8 28. Be6 Ke7 29. Bg4 Rf8 30. Bf3 g5 31. c4 Rf4+ 32. Ke3 Rh4 33.
Bxc6 Rxh2 34. a4 Rxb2 35. d5 Rb3+ 36. Ke4 Rb1 37. c5 Re1+ 38. Kf5 h6 39. d6+
cxd6 40. cxd6+ Kf7 41. e6+ Kg7 42. d7 Rd1 43. e7 Rf1+ 44. Kg4 Rf4+ 45. Kg3 Rc4
46. e8=Q {Time forfeit} 1-0

[Event "Rated Blitz tournament kKuxaGfS"]
[Site "?"]
[Date "2021.01.29"]
[Round "?"]
[White "arvids_andrejevs"]
[Black "Maltinho"]
[Result "0-1"]
[WhiteElo "2373"]
[BlackElo "2600"]
[PlyCount "58"]
[EventDate "2021.??.??"]
[EventType "blitz"]

1. e4 e5 2. Nf3 d5 3. Nxe5 Bd6 4. d4 dxe4 5. Nc4 Nf6 6. Nxd6+ Qxd6 7. c4 O-O 8.
Be3 Nc6 9. Nc3 Ng4 10. Be2 Nxe3 11. fxe3 Bf5 12. O-O Bg6 13. Rf4 f5 14. Qf1
Rad8 15. c5 Qe7 16. Qf2 h6 17. Rf1 Bh7 18. g4 g5 19. Bc4+ Kh8 20. Rxf5 Bxf5 21.
gxf5 Nb4 22. f6 Qh7 23. Qg2 Rde8 24. f7 Re7 25. a3 Nd3 26. Nd5 Rexf7 27. Rxf7
Qxf7 28. Nf4 Nxf4 29. Bxf7 Nxg2 {Normal} 0-1

[Event "Rated Blitz tournament kKuxaGfS"]
[Site "?"]
[Date "2021.01.29"]
[Round "?"]
[White "d1rector"]
[Black "Mewii2021"]
[Result "0-1"]
[WhiteElo "2579"]
[BlackElo "2262"]
[PlyCount "22"]
[EventDate "2021.??.??"]
[EventType "blitz"]

1. e4 e5 2. Nf3 d5 3. Nxe5 Bd6 4. d4 dxe4 5. Bc4 Bxe5 6. dxe5 Qxd1+ 7. Kxd1 Nc6
8. Bf4 Nge7 9. Nc3 Ng6 10. Bg3 Ngxe5 11. Nxe4 Nxc4 {Normal} 0-1

[Event "Rated Blitz tournament 4uhYCzRW"]
[Site "?"]
[Date "2021.01.29"]
[Round "?"]
[White "Shevizuki"]
[Black "Bis_Kecil_BKD"]
[Result "0-1"]
[WhiteElo "2386"]
[BlackElo "2401"]
[PlyCount "32"]
[EventDate "2021.??.??"]
[EventType "blitz"]

1. e4 e5 2. Nf3 d5 3. exd5 e4 4. Nd4 Qxd5 5. Nb3 Qe5 6. Nc3 Nf6 7. Be2 Bd6 8.
d4 exd3 9. cxd3 O-O 10. Be3 Nc6 11. d4 Qf5 12. Bf3 Re8 13. O-O Qg6 14. g3 Bg4
15. Nd2 Qh5 16. Nce4 Rxe4 {Normal} 0-1

[Event "Rated Blitz game"]
[Site "?"]
[Date "2021.01.29"]
[Round "?"]
[White "chessmakers"]
[Black "Blind2250"]
[Result "0-1"]
[WhiteElo "2389"]
[BlackElo "2402"]
[PlyCount "112"]
[EventDate "2021.??.??"]
[EventType "blitz"]

1. e4 e5 2. Nf3 d5 3. exd5 e4 4. Qe2 Nf6 5. d3 Be7 6. dxe4 O-O 7. Nc3 Bb4 8.
Bg5 Bxc3+ 9. bxc3 Re8 10. O-O-O Qd6 11. Bxf6 Qxf6 12. Nd4 c6 13. Qf3 Qd6 14.
Bc4 b5 15. Bb3 Qg6 16. h3 a5 17. Nxc6 a4 18. Kb2 axb3 19. axb3 Nxc6 20. dxc6
Qxc6 21. Rhe1 Be6 22. Qd3 g6 23. f3 Ra6 24. Ra1 Rea8 25. g4 Qb6 26. Qd4 Qc6 27.
h4 h6 28. Qe5 b4 29. cxb4 Rxa1 30. Rxa1 Rxa1 31. Kxa1 Qxc2 32. h5 Qxb3 33. Qb2
Qxf3 34. hxg6 Qxg4 35. gxf7+ Bxf7 36. Qe5 Qg7 37. Qxg7+ Kxg7 38. Kb2 Bc4 39.
Kc3 Bb5 40. Kd2 Kf6 41. Ke3 Ke5 42. Kf3 Bc6 43. Kg4 Kf6 44. Kh5 Kg7 45. e5 Be8+
46. Kh4 Kf7 47. Kh5 Kg7+ 48. Kh4 Kg6 49. e6 Kf6 50. b5 Kxe6 51. b6 Kd6 52. b7
Kc7 53. Kg3 Kxb7 54. Kh2 Kc6 55. Kg1 Kd5 56. Kh1 Ke5 {Time forfeit} 0-1

[Event "Rated Blitz game"]
[Site "?"]
[Date "2021.01.29"]
[Round "?"]
[White "Peppa_Pig_0"]
[Black "Blind2250"]
[Result "1-0"]
[WhiteElo "2388"]
[BlackElo "2400"]
[PlyCount "37"]
[EventDate "2021.??.??"]
[EventType "blitz"]

1. e4 e5 2. Nf3 d5 3. exd5 e4 4. Qe2 Nf6 5. d3 Be7 6. dxe4 O-O 7. Nc3 Bb4 8.
Qc4 Bxc3+ 9. bxc3 Nxe4 10. Bd3 Nd6 11. Qd4 Bf5 12. O-O Nd7 13. c4 b6 14. Bb2 f6
15. Rfe1 Nc5 16. g4 Bd7 17. Qf4 g5 18. Nxg5 fxg5 19. Qd4 {Normal} 1-0

[Event "Rated Blitz game"]
[Site "?"]
[Date "2021.01.29"]
[Round "?"]
[White "Yarebore"]
[Black "Polyclinical"]
[Result "1-0"]
[WhiteElo "2826"]
[BlackElo "2778"]
[PlyCount "81"]
[EventDate "2021.??.??"]
[EventType "blitz"]

1. e4 e5 2. Nf3 d5 3. Nxe5 Bd6 4. d4 dxe4 5. Nc4 Nf6 6. Nc3 O-O 7. Be2 Bb4 8.
O-O Nc6 9. Be3 Re8 10. a3 Bxc3 11. bxc3 Nd5 12. Bd2 Qf6 13. g3 Bh3 14. Re1 Rad8
15. Ne3 Nb6 16. a4 a5 17. Bb5 Qg6 18. Qe2 h5 19. Ng2 Bg4 20. Qf1 Qf6 21. h4 Qf3
22. Nf4 e3 23. Bxe3 Qe4 24. Bd3 Qf3 25. Bd2 Bd7 26. Be2 Qe4 27. Bd3 Qf3 28. Qg2
Qxg2+ 29. Kxg2 g6 30. Bb5 Ne7 31. c4 Bxb5 32. cxb5 Nc4 33. Bc3 Nf5 34. Rad1 b6
35. d5 Rxe1 36. Rxe1 Kf8 37. Re4 Ncd6 38. Re2 Re8 39. Kf3 Rxe2 40. Kxe2 Ke7 41.
Kd3 {Time forfeit} 1-0

[Event "Rated Blitz game"]
[Site "?"]
[Date "2021.01.29"]
[Round "?"]
[White "patzer001"]
[Black "artsportscience"]
[Result "1-0"]
[WhiteElo "2433"]
[BlackElo "2314"]
[PlyCount "101"]
[EventDate "2021.??.??"]
[EventType "blitz"]

1. e4 e5 2. Nf3 d5 3. d3 dxe4 4. dxe4 Qxd1+ 5. Kxd1 Nc6 6. Be2 Bg4 7. Nbd2
O-O-O 8. c3 f6 9. Kc2 Bc5 10. Rf1 Nge7 11. b4 Bb6 12. a4 a5 13. b5 Nb8 14. Ba3
Ng6 15. g3 Rhe8 16. Nc4 Nd7 17. Ng1 Bxe2 18. Nxe2 Nc5 19. Nxb6+ cxb6 20. Bxc5
bxc5 21. Rad1 b6 22. Rxd8+ Rxd8 23. Rd1 Rxd1 24. Kxd1 Nf8 25. Nc1 Ne6 26. Nd3
Ng5 27. Ne1 Nxe4 28. Kc2 Nxf2 29. Ng2 Ng4 30. h3 Nf2 31. h4 h5 32. Ne3 Ne4 33.
Nf1 g5 34. Kd3 Nf2+ 35. Ke3 Ng4+ 36. Ke4 Kd7 37. Kf5 gxh4 38. gxh4 Kd6 39. Ng3
Ne3+ 40. Kxf6 Nd5+ 41. Kf5 Nxc3 42. Nxh5 Nxa4 43. Nf6 c4 44. h5 Ke7 45. h6 Kf7
46. Nd7 c3 47. Nxe5+ Kg8 48. Kg6 c2 49. h7+ Kf8 50. h8=Q+ Ke7 51. Qf6+ {Normal}
1-0

[Event "Rated Blitz tournament kKuxaGfS"]
[Site "?"]
[Date "2021.01.29"]
[Round "?"]
[White "Kovaljov"]
[Black "Maltinho"]
[Result "1-0"]
[WhiteElo "2441"]
[BlackElo "2607"]
[PlyCount "95"]
[EventDate "2021.??.??"]
[EventType "blitz"]

1. e4 e5 2. Nf3 d5 3. exd5 Bd6 4. d4 e4 5. Ne5 Nf6 6. c4 c5 7. dxc6 Nxc6 8.
Nxc6 bxc6 9. h3 h6 10. Be3 O-O 11. Nc3 Rb8 12. Qc2 Bf5 13. Rd1 Qa5 14. a3 Rfe8
15. Be2 Rb7 16. O-O Bb8 17. d5 c5 18. Nb5 a6 19. g4 Bg6 20. Nc3 Rd7 21. Kg2 Qc7
22. Rh1 h5 23. b4 cxb4 24. axb4 hxg4 25. hxg4 Qe5 26. Qb3 Nh7 27. c5 Ng5 28. d6
Nf3 29. Bxa6 Qf6 30. Bb5 Rdd8 31. Bxe8 Rxe8 32. Rh3 Nh4+ 33. Kf1 Nf3 34. b5 Qe5
35. b6 Nh2+ 36. Ke2 Nxg4 37. Rdh1 Nh6 38. Rh4 Qf5 39. Qb5 Qf3+ 40. Kd2 Rd8 41.
Nd5 Qf5 42. Ne7+ Kf8 43. Nxf5 Bxf5 44. Bxh6 gxh6 45. Rxh6 Kg7 46. Qb2+ f6 47.
Qxf6+ Kg8 48. Rh8# {Normal} 1-0

[Event "Rated Blitz game"]
[Site "?"]
[Date "2021.01.29"]
[Round "?"]
[White "Chesstomioka"]
[Black "blastol"]
[Result "1-0"]
[WhiteElo "2507"]
[BlackElo "2381"]
[PlyCount "103"]
[EventDate "2021.??.??"]
[EventType "blitz"]

1. e4 e5 2. Nf3 d5 3. exd5 Bd6 4. Nc3 Nf6 5. d4 e4 6. Ne5 O-O 7. Bg5 Re8 8. Nc4
Bb4 9. Ne3 h6 10. Bxf6 Qxf6 11. a3 Bd6 12. g3 Nd7 13. Bg2 Qg6 14. O-O f5 15.
Nc4 f4 16. Nxd6 cxd6 17. Re1 f3 18. Bf1 Nf6 19. Qd2 Qh5 20. Qf4 Bh3 21. Bb5 Rf8
22. Nxe4 Ng4 23. Qxd6 Bf1 24. h4 Bxb5 25. Qe6+ Kh8 26. Nd6 Rf6 27. Qe7 Qxd5 28.
Ne4 Re6 29. Qc5 Qxc5 30. Nxc5 Rxe1+ 31. Rxe1 Be2 32. d5 b6 33. Ne4 Rd8 34. Nc3
Bc4 35. Rd1 Nf6 36. d6 Rd7 37. b3 Kg8 38. bxc4 Kf7 39. Nb5 a6 40. Nc3 Ne8 41.
Ne4 Ke6 42. Rd3 Nxd6 43. Nxd6 Rxd6 44. Rxf3 Rd1+ 45. Kg2 Rd2 46. Re3+ Kd6 47.
c3 Ra2 48. Kf3 Rxa3 49. Ke4 Rb3 50. Rd3+ Kc6 51. f4 a5 52. Rd6+ {Time forfeit}
1-0

[Event "Rated Blitz tournament kKuxaGfS"]
[Site "?"]
[Date "2021.01.29"]
[Round "?"]
[White "IvanMarinkovic"]
[Black "Maltinho"]
[Result "1-0"]
[WhiteElo "2461"]
[BlackElo "2594"]
[PlyCount "133"]
[EventDate "2021.??.??"]
[EventType "blitz"]

1. e4 e5 2. Nf3 d5 3. exd5 Bd6 4. d4 e4 5. Ne5 Nf6 6. c4 c5 7. dxc6 Nxc6 8.
Nxc6 bxc6 9. Nc3 O-O 10. Be2 h6 11. O-O Qc7 12. h3 Rb8 13. b3 Re8 14. Be3 Bh2+
15. Kh1 Bf4 16. Qd2 g5 17. Rad1 Bf5 18. d5 Rbd8 19. Qd4 Be5 20. Qd2 Bf4 21. Qc1
Kh7 22. dxc6 Rxd1 23. Rxd1 Be5 24. Nb5 Qxc6 25. Nd4 Qc8 26. Nxf5 Qxf5 27. g4
Qg6 28. Kg2 h5 29. c5 Kg7 30. Bxg5 hxg4 31. hxg4 e3 32. Qxe3 Ne4 33. Bf4 Bf6
34. Bf3 Re6 35. c6 Nc3 36. Qxe6 fxe6 37. Rd7+ Kf8 38. c7 Qe8 39. Rd8 Qxd8 40.
cxd8=Q+ Bxd8 41. a4 a5 42. Be5 Na2 43. Be2 Nb4 44. Bc4 Kf7 45. f4 Nc6 46. Bc3
Bf6 47. Bd2 Ke7 48. Kf3 e5 49. g5 Bh8 50. f5 Kd6 51. Ke4 Nd4 52. Bxa5 Ne2 53.
Bb4+ Kd7 54. f6 Ng3+ 55. Kf3 Nf5 56. Bd3 Nd4+ 57. Ke4 Ne6 58. Kf5 Nd4+ 59. Kg6
Ne6 60. Bf5 e4 61. Bxe4 Nf4+ 62. Kf5 Ne6 63. Bc6+ Kxc6 64. Kxe6 Kb6 65. f7 Kc6
66. f8=Q Bg7 67. Qd6+ {Time forfeit} 1-0

[Event "Rated Blitz game"]
[Site "?"]
[Date "2021.01.29"]
[Round "?"]
[White "morischwilli"]
[Black "DarthZannah"]
[Result "1-0"]
[WhiteElo "2531"]
[BlackElo "2495"]
[PlyCount "97"]
[EventDate "2021.??.??"]
[EventType "blitz"]

1. e4 e5 2. Nf3 d5 3. exd5 e4 4. Qe2 Nf6 5. Nc3 Be7 6. Nxe4 O-O 7. d3 Qxd5 8.
Bd2 Nc6 9. Nc3 Qh5 10. O-O-O Bg4 11. h3 Rfe8 12. hxg4 Qxh1 13. g5 Ng4 14. Ne4
Qh5 15. g3 f5 16. gxf6 Nxf6 17. Bg2 Nxe4 18. dxe4 Bf6 19. Rh1 Qf7 20. Kb1 h6
21. Bc1 Rad8 22. Nd2 Nd4 23. Qd3 c6 24. f4 Nb5 25. Qb3 Qxb3 26. axb3 Bd4 27.
Nc4 Nc7 28. c3 Bf2 29. g4 Ne6 30. Rf1 Bb6 31. b4 Bc7 32. Be3 b6 33. e5 c5 34.
b5 Rd3 35. Be4 Rdd8 36. Bc6 Rf8 37. f5 Ng5 38. Bxg5 hxg5 39. e6 Bd6 40. Nxd6
Rxd6 41. e7 Kf7 42. exf8=Q+ Kxf8 43. Kc2 Kf7 44. Re1 Rh6 45. Bd5+ Kf8 46. Rh1
Rxh1 47. Bxh1 Ke7 48. Kd3 Kd6 49. Ke4 {Normal} 1-0

[Event "Rated Blitz game"]
[Site "?"]
[Date "2021.01.29"]
[Round "?"]
[White "miro_miro1"]
[Black "Fantastic_power06"]
[Result "1/2-1/2"]
[WhiteElo "2474"]
[BlackElo "2577"]
[PlyCount "59"]
[EventDate "2021.??.??"]
[EventType "blitz"]

1. e4 e5 2. Nf3 d5 3. d4 dxe4 4. Nxe5 Bd6 5. Bc4 Bxe5 6. Qh5 Qe7 7. Qxe5 Qxe5
8. dxe5 Nc6 9. Nc3 Bf5 10. Bf4 Nge7 11. O-O-O Ng6 12. Bg3 O-O 13. Rhe1 Ngxe5
14. Bb3 Rae8 15. Nd5 Kh8 16. Nxc7 Rc8 17. Nb5 Bg6 18. Nd6 Rcd8 19. Nxb7 Rxd1+
20. Rxd1 Rb8 21. Bd5 Rf8 22. Nc5 f5 23. Nd7 Nxd7 24. Bxc6 Nf6 25. Bd6 Rc8 26.
Bb7 Re8 27. Bc6 Rc8 28. Bb7 Re8 29. Bc6 Rc8 30. Bb7 {Normal} 1/2-1/2

[Event "Rated Blitz game"]
[Site "?"]
[Date "2021.01.29"]
[Round "?"]
[White "StoreySniper"]
[Black "BaronBananenschnabel"]
[Result "0-1"]
[WhiteElo "2450"]
[BlackElo "2376"]
[PlyCount "84"]
[EventDate "2021.??.??"]
[EventType "blitz"]

1. e4 e5 2. Nf3 d5 3. Nxe5 Bd6 4. d4 dxe4 5. Nc4 Nf6 6. Nxd6+ Qxd6 7. Be3 Nc6
8. Be2 Bf5 9. Nd2 O-O 10. h3 Rad8 11. c3 Nd5 12. Nc4 Qg6 13. g4 Bc8 14. Qb3 a6
15. Nd2 b5 16. O-O-O Be6 17. Qc2 Ndb4 18. cxb4 Nxb4 19. Qxe4 Nxa2+ 20. Kb1 f5
21. Qc6 f4+ 22. Ka1 fxe3 23. fxe3 Nb4 24. Qe4 Qxe4 25. Nxe4 Bd5 26. Nc3 Bxh1
27. Rxh1 Nc2+ 28. Ka2 Nxe3 29. h4 Rxd4 30. Rh3 Nd5 31. Nxd5 Rxd5 32. Bf3 Rd2
33. Bb7 Rff2 34. Rb3 Rd4 35. Rc3 Rxg4 36. Rxc7 h5 37. Bc8 Rxh4 38. Be6+ Kh7 39.
Rc5 Ra4+ 40. Kb3 Rf3+ 41. Kc2 g6 42. Kd2 Re4 {Time forfeit} 0-1

[Event "Rated Blitz game"]
[Site "?"]
[Date "2021.01.29"]
[Round "?"]
[White "vovchik39"]
[Black "Blind2250"]
[Result "1-0"]
[WhiteElo "2328"]
[BlackElo "2403"]
[PlyCount "65"]
[EventDate "2021.??.??"]
[EventType "blitz"]

1. e4 e5 2. Nf3 d5 3. Nxe5 Bd6 4. d4 dxe4 5. Nc4 Nf6 6. Be2 O-O 7. O-O Nc6 8.
c3 Re8 9. f3 h6 10. Re1 Bf5 11. Nbd2 Bh7 12. Nxe4 Nxe4 13. fxe4 Bxh2+ 14. Kxh2
Qh4+ 15. Kg1 Bxe4 16. Bf1 Qg3 17. Be3 Qg6 18. Qd2 b5 19. Na3 a6 20. Bf4 Re7 21.
Re3 Rae8 22. Rae1 f5 23. Nc2 Qf6 24. Bd3 g5 25. Bh2 Bd5 26. Rxe7 Rxe7 27. Rxe7
Nxe7 28. Be5 Qe6 29. Nb4 Bb7 30. Bxc7 a5 31. Bxa5 Nd5 32. Nxd5 Qxd5 33. b3 {
Normal} 1-0